| 000 | 00623nam a2200193Ia 4500 | ||
|---|---|---|---|
| 001 | 14551 | ||
| 003 | GE_BSU | ||
| 008 | 181216s||||||||xx |||||||||||||| ||und|| | ||
| 020 | _a0340191848 | ||
| 040 | _cGE_BSU | ||
| 080 | _a821.111-31 | ||
| 245 | _aCondensed Books: Vet in Harness, Lion in the Evening, the Frost and the Fire, the Dogs of War | ||
| 245 | _cJames Herriot.Alan Scholefield. Ruth Park And Frederick Forsyth | ||
| 260 | _aLondon | ||
| 260 | _bReader's digest | ||
| 300 | _a542p.20cm. | ||
| 653 | _aCondensed Books: Vet in Harness, Lion in the Evening, the Frost and the Fire, the Dogs of War | ||
| 942 | _cBK | ||
| 999 |
_c47682 _d47682 |
||